<?xml version="1.0" encoding="UTF-8"?>
<marc:record xmlns:marc="http://www.loc.gov/MARC21/slim">
   <marc:leader>00000nam a2200000 a 4500</marc:leader>
   <marc:datafield ind1="1" ind2=" " tag="100">
      <marc:subfield code="a">Tonie</marc:subfield>
      <marc:subfield code="4">aut</marc:subfield>
      <marc:subfield code="e">Verfasser/-in</marc:subfield>
   </marc:datafield>
   <marc:datafield ind1="1" ind2=" " tag="100">
      <marc:subfield code="a">Derib+Job</marc:subfield>
      <marc:subfield code="4">aut</marc:subfield>
      <marc:subfield code="e">Verfasser/-in</marc:subfield>
   </marc:datafield>
   <marc:datafield ind1=" " ind2=" " tag="653">
      <marc:subfield code="a">Indianer</marc:subfield>
   </marc:datafield>
   <marc:datafield ind1=" " ind2=" " tag="653">
      <marc:subfield code="a">Tonies</marc:subfield>
   </marc:datafield>
   <marc:datafield ind1=" " ind2=" " tag="653">
      <marc:subfield code="a">Tonie-Hörbuch</marc:subfield>
   </marc:datafield>
   <marc:datafield ind1=" " ind2=" " tag="653">
      <marc:subfield code="a">Tonie</marc:subfield>
   </marc:datafield>
   <marc:datafield ind1=" " ind2=" " tag="653">
      <marc:subfield code="a">Tonie-Hörfigur</marc:subfield>
   </marc:datafield>
   <marc:datafield ind1=" " ind2=" " tag="653">
      <marc:subfield code="a">Yakari</marc:subfield>
   </marc:datafield>
   <marc:datafield ind1="0" ind2="0" tag="245">
      <marc:subfield code="a">Yakari - Best of Regenbogen</marc:subfield>
   </marc:datafield>
   <marc:datafield ind1="0" ind2="0" tag="245">
      <marc:subfield code="b">Original Hörspiel zur TV-Serie</marc:subfield>
   </marc:datafield>
   <marc:datafield ind1="0" ind2="0" tag="245">
      <marc:subfield code="c">Tonie ; Derib+Job</marc:subfield>
   </marc:datafield>
   <marc:datafield ind1=" " ind2="1" tag="264">
      <marc:subfield code="b">tonies GmbH</marc:subfield>
      <marc:subfield code="c">2024</marc:subfield>
   </marc:datafield>
   <marc:datafield ind1="1" ind2=" " tag="490">
      <marc:subfield code="a">Tonie</marc:subfield>
   </marc:datafield>
   <marc:datafield ind1="1" ind2=" " tag="520">
      <marc:subfield code="a">Der kleine Indianerjunge Yakari hat großen Respekt vor der Natur und den Tieren. Daher wird ihm die besondere Gabe erteilt, mit Tieren sprechen zu können. Zusammen mit seinem besten Freund, dem Pferd Kleiner Donner, erlebt er viele Abenteuer.   
Titelliste:  
Hilf Deinen Feinden! 
Hilfe für das Flughörnchen 
Ein Freund für Wirbelwind 
Zwei ganz verschiedene Freunde   

Sprecher:in  Erzählerin: Mia Diekow 
Yakari: Mia Diekow 
Kleiner Donner: Marc Seidenberg 
Kleiner Dachs: Patrick Bach 
Regenbogen: Julia Fölster 
Knickohr: Matthias Klimsa 
Großer Adler: Wolf Frass Stiller Fels: Achim Schülke Der-der-alles-weiß: Peter Weis Kühner Blick: Eberhard Haar Schimmernde Zöpfe: Marion von Stengel Stolze Wolke: Christian Stark Fettauge: Klaus Dittmann Müder Krieger: Volker Hanisch Krickrack: Holger Mahlich Ziege 2: Dagmar Dreke Großer Grauer: Reiner Schöne Honigtau: Florentine Draeger Mama Bär: Carla Becker Papa Bär, Wächter, Wapiti, Dämon, Carcajou: Jürgen Holdorf Lindenbaum: Aaron Kaulbarsch Nagezahn: Kai-Henrik Möller Kühner Rabe, Tausendmäuler: Christos Topulos Flughörnchenfrau: Ela Nitzsche Flughörnchen: Monty Arnold Bison: Christopher Groß Bisonweibchen, 1. Otter, Mutter Kojote, Ziege 1: Kerstin Draeger Bär: Rainer Schmitt Tapferes Herz (Wapiti): Peter Kirchberger Kleiner Bison, Indianer im Wolfspelz: Sascha Draeger Flügel der Nacht, Scharfes Auge: Alexa Benkert Kleiner Hauer (Wolfsjunges): Ulla Schiedewitz Luchs: Erik Schäffler Kojote: Jürgen Uter Graufuchs, Feuriges Fell, Fasan: Tetje Mierendorf   

Hörspiel ab 4 Jahren</marc:subfield>
   </marc:datafield>
   <marc:datafield ind1=" " ind2=" " tag="020">
      <marc:subfield code="a">4251192142764</marc:subfield>
      <marc:subfield code="9">4251192142764</marc:subfield>
   </marc:datafield>
   <marc:datafield ind1="3" ind2=" " tag="024">
      <marc:subfield code="a">4251192142764</marc:subfield>
   </marc:datafield>
   <marc:datafield ind1=" " ind2=" " tag="041">
      <marc:subfield code="a">ger</marc:subfield>
   </marc:datafield>
</marc:record>
